000 01092nam a2200313 i 4500
001 000032969
003 DO-SdBNP
005 20251120073733.0
007 ta
008 110804s1984 dr 000 0 spa d
040 _aDO-SdBNP
_bspa
_cBNPHU
_erda
082 4 _a342.7293
_bJ82d
_222
100 1 _aJorge García, Juan
_958708
_eautor
245 1 0 _aDerecho constitucional dominicano /
_cJuan Jorge García.
264 1 _aSantiago de los Caballeros, República Dominicana :
_bPUCMM,
_c1984.
300 _a612 páginas ;
_c24 cm.
336 _2rdacontent
_atexto
_btxt
337 _2rdamedia
_asin mediación
_bn
338 _2rdacarrier
_avolumen
_bnc
490 _aTextos
500 _aIncluye referencias bibliográficas y notas al pie de las páginas.
504 _aBibliografía : p. 563-565.
590 _aInventariado, 2018/MFF
650 0 _aDerecho constitucional
_910314
651 4 _aRepública Dominicana
_xDerecho Constitucional
_99303
710 2 _aPontificia Universidad Católica Madre y Maestra
_9843
910 _aValidado. Control de calidad EMS
942 _2ddc
_cLBS1
999 _c32460
_d32460